000 00657nam a22001817a 4500
003 UA-OsUOA
001 18057
007 ta
008 20040418b un ||||| |||| 00| 0 ukr d
100 _aГнатюк В.
942 _cSA
040 _aUA-OsUOA
_cUA-OsUOA
_dUA-OsUOA
245 _aЯким є старт, таким очікується фініш...
_b[Про роботу промислових підприємств Сарнен. р-ну за два місяці 2004 р.]
300 _aС.2
955 _a0
773 0 _w0
_tСарненські новини
_dСарни
_d2004
_g№36/30 берез./
650 7 _aКраєзнавча робота
_2UDC
999 _c304227
_d304227